|
วิทยาลัยพยาบาลบรมราชชนนี ยะลา |
|
แสดงรายละเอียดบรรณานุกรม |
|
|
Brief Record
: Get Marc (ISO 2709)
: E-mail record
: |
|
|
|
| LEADER 00000nam 2200000uu 4500 | |||
| 001 3821 | |||
| 003 ULIBM | |||
| 008 260317s2567||||th 000 0 tha d | |||
| 020 ^a9786169436645 | |||
| 060 0 ^aWP100^bร426น | |||
| 110 0 ^aราชวิทยาลัยสูตินรีแพทย์แห่งประเทศไทย | |||
| 245 00 ^aแนวทางเวชปฏิบัติราชวิทยาลัยสูตินรีแพทย์แห่งประเทศไทย : นรีเวชกรรม/^cราชวิทยาลัยสูตินรีแพทย์แห่งประเทศไทย | |||
| 250 ^aนิพนธ์และเรียบเรียงครั้งที่ 4 พิมพ์ครั้งที่ 1 | |||
| 260 ^aกรุงเทพฯ :^bพี.เอ.ลีฟวิ่ง,^c2567. | |||
| 300 ^axxviii,335 หน้า :^bภาพประกอบ ;^c26 ซม. | |||
| 650 7 ^aนรีเวชวิทยา | |||
| 650 7 ^aภาวะมีบุตรยาก | |||
| 999 ^aฮัซวานี | |||
| คุณยังไม่ได้ล็อกอิน คุณสามารถมีกิจกรรมร่วมกับเว็บไซต์ได้ แต่ต้องล็อกอินก่อน :: |
|
| สถานะ | |||||||||
| 1. | หนังสือสำรอง สถานะ=หนังสือสำรอง | WP100 ร426น 2567 ฉ.1 | ►หนังสือสำรอง | On Shelf ขอยืม | |||||
| 2. | หนังสือทางการพยาบาล | WP100 ร426น 2567 ฉ.2 | ►หนังสือ ตำรา ทางการพยาบาล | On Shelf ขอยืม | |||||
| 3. | หนังสือทางการพยาบาล | WP100 ร426น 2567 ฉ.3 | ►หนังสือ ตำรา ทางการพยาบาล | On Shelf ขอยืม | |||||
| [แสดง 3/3 รายการ] | |||||||||
| รายการใกล้เคียง หัวเรื่อง [นรีเวชวิทยา]
|
BibComment |
| คอมเมนท์ทรัพยากรรายการนี้ |
|
|